DATA SCIENCE AND ANALYTICS ( With Python , R AND SPSS Programming) (Record no. 9068)

MARC details
000 -LEADER
fixed length control field 00503nam a22001697a 4500
005 - DATE AND TIME OF LATEST TRANSACTION
control field 20260310161109.0
008 - FIXED-LENGTH DATA ELEMENTS--GENERAL INFORMATION
fixed length control field 260309b |||||||| |||| 00| 0 eng d
020 ## - INTERNATIONAL STANDARD BOOK NUMBER
ISBN 978-93-86173-67-6
041 ## - LANGUAGE CODE
Language code of text/sound track or separate title eng
082 ## - DEWEY DECIMAL CLASSIFICATION NUMBER
Classification number 006.312 JAI-D
100 ## - MAIN ENTRY--AUTHOR NAME
Personal name JAIN, V.K.
245 ## - TITLE STATEMENT
Title DATA SCIENCE AND ANALYTICS ( With Python , R AND SPSS Programming)
260 ## - PUBLICATION, DISTRIBUTION, ETC. (IMPRINT)
Place of publication NEW DELHI
Name of publisher KHANNA BOOK PUBLISHING CO. [P] LTD.
300 ## - PHYSICAL DESCRIPTION
Number of Pages 267;P
650 ## - SUBJECT ADDED ENTRY--TOPICAL TERM
Topical Term COMPUTER SCIENCE AND INFORMATION TECNOLOGY
942 ## - ADDED ENTRY ELEMENTS (KOHA)
Koha item type Books
Holdings
Lost status Damaged status Collection code Home library Current library Shelving location Date acquired Source of acquisition Cost, normal purchase price Serial Enumeration / chronology Full call number Accession Number Koha item type
    CS/IT JRU Library JRU Library NEW ARRIVAL SHELF 09/03/2026 PURCHASE 425.00 LBI/000881 DATE-06/03/2026 006.312 29322 Books
    CS/IT JRU Library JRU Library SHELF-50-E 09/03/2026 PURCHASE 425.00 LBI/000881 DATE-06/03/2026 006.312 29323 Books
    CS/IT JRU Library JRU Library SHELF-50-E 09/03/2026 PURCHASE 425.00 LBI/000881 DATE-06/03/2026 006.312 29324 Books
    CS/IT JRU Library JRU Library SHELF-50-E 09/03/2026 PURCHASE 425.00 LBI/000881 DATE-06/03/2026 006.312 29325 Books
    CS/IT JRU Library JRU Library SHELF-50-E 09/03/2026 PURCHASE 425.00 LBI/000881 DATE-06/03/2026 006.312 29326 Books
    CS/IT JRU Library JRU Library SHELF-50-E 09/03/2026 PURCHASE 425.00 LBI/000881 DATE-06/03/2026 006.312 29327 Books